Využívání výpočetní techniky v obchodních domech PRIOR záverečná práca postgraduálneho štúdia

Saved in:
Bibliographic Details
Main Author: Nešetřil, František
Corporate Author: Vysoká škola ekonomická v Bratislave
Other Authors: Richterová, Kornélia
Format: Book
Language:Czech
Published: Bratislava 1987
Tags: Add Tag
No Tags, Be the first to tag this record!

MARC

LEADER 00000nam a2200000 4500
001 c024413
005 20260108080147.0
041 0 |a cze 
044 |a SK 
245 1 0 |a Využívání výpočetní techniky v obchodních domech PRIOR  |b záverečná práca postgraduálneho štúdia  |c František Nešetřil ; Ved. práce Kornélia Richterová 
264 1 |a Bratislava  |c 1987 
300 |a 38 s. 
100 1 |a Nešetřil, František 
700 1 |a Richterová, Kornélia 
710 2 |a Vysoká škola ekonomická v Bratislave